Geography Quiz

Random Geography or World Quiz

Countries by Former Flags Quiz Stats

 Plays Quiz Updated Jun 21, 2015

Challenge
Share
Tweet
Score 0/38 Timer 08:00
2 Plays Today
% Correct
New Zealand
99%
Brazil
91.1%
USA
90.4%
Iraq
87.8%
Spain
75.8%
Romania
73.5%
Libya
70.4%
Venezuela
66.2%
Rwanda
64.9%
Canada
64.9%
Bulgaria
64.6%
South Africa
62.3%
Macedonia
59.8%
Cambodia
56.5%
France
54.5%
Peru
54%
Mexico
50.5%
Hungary
50.2%
Thailand
46.9%
% Correct
Afghanistan
46.2%
Greece
44.4%
Mozambique
44.2%
Haiti
43.3%
Malawi
40.3%
India
37.3%
Suriname
36.9%
Portugal
34.1%
Uganda
32.8%
Iran
31%
Mongolia
24.1%
Morocco
23.5%
Chile
22.8%
Egypt
21.8%
Malaysia
14.3%
Philippines
10.9%
Benin
8.1%
Sudan
6.1%
Burundi
5.6%

You're not logged in!

Compare scores with friends on all Sporcle quizzes.
Join for Free
OR
Log In

You Might Also Like...

Show Comments

Extras

Top Quizzes Today


Score Distribution

Your Account Isn't Verified!

In order to create a playlist on Sporcle, you need to verify the email address you used during registration. Go to your Sporcle Settings to finish the process.

Report this User

Report this user for behavior that violates our Community Guidelines.

Details: